Zákaznícke vnímanie nakupovania potravín cez internet
Saved in:
| Main Author: | |
|---|---|
| Other Authors: | |
| Format: | Manuscript Book |
| Language: | Slovak |
| Published: |
2015
|
| Subjects: | |
| Online Access: | http://is.stuba.sk/zp/portal_zp.pl?podrobnosti=113210 |
| Tags: |
No Tags, Be the first to tag this record!
|
MARC
| LEADER | 00000ntm a22000003a 4500 | ||
|---|---|---|---|
| 001 | stuzp52536 | ||
| 003 | SK-STU | ||
| 005 | 20160719154213.9 | ||
| 007 | ta | ||
| 008 | 150427s2015----xo-----f-mn---000-0-slo-d | ||
| 040 | |a STU |b slo | ||
| 041 | 0 | |a slo | |
| 100 | 1 | |a Javorková, Adriana, |d 1988- |u 902024 |4 aut |U Ústav manažmentu STU |T ÚM - Oddelenie manažmentu chemických a potravinárskych technológií |X 50917 |U R2024 |Y 408 |7 A0000050917 | |
| 242 | 0 | 1 | |a Customer Perception of Online Grocery Shopping |y eng |
| 245 | 1 | 0 | |a Zákaznícke vnímanie nakupovania potravín cez internet |
| 260 | |c 2015 | ||
| 650 | 4 | |a marketing |2 slo | |
| 650 | 4 | |a logistika |2 slo | |
| 650 | 4 | |a distribúcia |2 slo | |
| 650 | 4 | |a zákazník |2 slo | |
| 650 | 4 | |a internet |2 slo | |
| 650 | 4 | |a marketing |2 eng | |
| 650 | 4 | |a distribution |2 eng | |
| 650 | 4 | |a customer |2 eng | |
| 650 | 4 | |a logistics |2 eng | |
| 650 | 4 | |a internet |2 eng | |
| 700 | 1 | |a Kuperová, Martina |4 ths |X 1717 |7 A000001717 | |
| 856 | 4 | |u http://is.stuba.sk/zp/portal_zp.pl?podrobnosti=113210 | |
| SQL | |a stuzp52536 |b DDP |c SLO |d Zákaznícke vnímanie nakupovania potravín cez internet |e 50917 |f Javorková, Adriana |g 902024 |h 1717 |i Kuperová, Martina |j 20150609 |k 761 |l 04 |m http://is.stuba.sk/zp/portal_zp.pl?podrobnosti=113210 |n I-RTP |o 5.2.18. chemické technológie | ||